LEADER 01528nam--2200457---450- 001 990001892900203316 005 20150514115809.0 035 $a000189290 035 $aUSA01000189290 035 $a(ALEPH)000189290USA01 035 $a000189290 100 $a20040802d1969----km-y0itay0103----ba 101 0 $aita 102 $aIT 105 $aa---||||001yy 200 1 $aKenzo Tange$e[l'architetto di Hiroshima e delle Olimpiadi di Tokyo che ha risolto nella sua opera i constrasti del Giappone tradizionale e moderno]$fPaolo Riani 210 $aFirenze$cSadea Sansoni$dcopyr. 1969 215 $a95 p.$cill.$d31 cm 225 2 $a<> maestri del Novecento$v8 410 0$12001$a<> maestri del Novecento 606 1$aTange,$bKenzo$xOpere 700 1$aRIANI,$bPaolo$032433 801 0$aIT$bsalbc$gISBD 912 $a990001892900203316 951 $aXII.2. Coll.2/ 8 (VII Coll. A 2/8)$b35786 L.M.$cVII Coll. 951 $aV A 1 MN 008$b745 DBC$cV A 951 $a720.92 RIA$b467 Crd.$c720$d00330804 959 $aBK 969 $aUMA 969 $aDBC 969 $aCRD 979 $aSIAV3$b10$c20040802$lUSA01$h0954 979 $aCOPAT5$b90$c20051213$lUSA01$h1432 979 $aDBC$b90$c20080415$lUSA01$h1450 979 $aPAOLA$b90$c20150514$lUSA01$h1153 979 $aPAOLA$b90$c20150514$lUSA01$h1153 979 $aPAOLA$b90$c20150514$lUSA01$h1155 979 $aPAOLA$b90$c20150514$lUSA01$h1155 979 $aPAOLA$b90$c20150514$lUSA01$h1158 996 $aKenzo Tange$9267236 997 $aUNISA LEADER 00902nam--2200337---450- 001 990001745290203316 005 20040610172044.0 035 $a000174529 035 $aUSA01000174529 035 $a(ALEPH)000174529USA01 035 $a000174529 100 $a20040610d1937----km-y0itay0103----ba 101 0 $alat 102 $aIT 105 $a||||||||001yy 200 1 $aFragmenta$fTiti Livi$gcollegit M. Lenchantin De Gubernatis 210 $aMediolani$cParaviae$d1937 215 $aXXXV, 48 p.$d19 cm 410 0$12001 454 1$12001 461 1$1001-------$12001 700 1$aLIVIUS,$bTitus$05194 702 1$aLENCHANTIN DE GUBERNATIS,$bMassimo 801 0$aIT$bsalbc$gISBD 912 $a990001745290203316 951 $aVIII C 558$b46672 L.M.$cVIII C 959 $aBK 969 $aUMA 979 $aSIAV6$b10$c20040610$lUSA01$h1720 996 $aFragmenta$9945881 997 $aUNISA LEADER 01609nam 2200349Ia 450 001 996396993903316 005 20200824132905.0 035 $a(CKB)4940000000064286 035 $a(EEBO)2264199625 035 $a(OCoLC)ocm9818761e 035 $a(OCoLC)9818761 035 $a(EXLCZ)994940000000064286 100 $a19830817d1657 uy | 101 0 $alat 135 $aurbn||||a|bb| 200 10$aLexicon geographicum$b[electronic resource] $ein quo universi orbis oppida, urbes, regiones, provincię, regna, emporia, academię, metropoles, fontes, flumina, & maria antiquis recentibusque nominibus appellata, suisque distantiis descripta recensentur : in duas partes divisum, in priori quarum antiqua nomina recentibus, in altera recentia antiquis pręponuntur ... /$fauthore Philippo Ferrario 205 $aEditio nova, multa, quam prior accuratior :$badnectitur tabula longitudinis ac latitudinis urbium & oppidorum pertotum terrarum orbem, ex ejusdem Philippi Ferrarii Epitome geographica desumpta. 210 $aLondini $cEx Officina Rogeri Danielis$d1657 215 $a[22], 552, [24] p 300 $a"Tabula longitudinis ac latitudinis urbium & oppidorum per totum terrarum orbem" has special t.p. and is unpaged. 300 $aReproduction of original in the Bodleian Library. 330 $aeebo-0014 606 $aGeography$vDictionaries 615 0$aGeography 700 $aFerrarius$b Philippus$fd. 1626.$0329338 801 0$bUMI 801 1$bUMI 801 2$bWaOLN 906 $aBOOK 912 $a996396993903316 996 $aLexicon geographicum$92305733 997 $aUNISA